| 000 | 02268cas a2200469 4500 | ||
|---|---|---|---|
| 001 | 10545037 | ||
| 003 | AUA.1 | ||
| 005 | 20130528151611.0 | ||
| 007 | t| | ||
| 008 | 850720c19639999miufr p 0 a0eng c | ||
| 010 |
_a 74645601 _zsc 76000812 |
||
| 022 |
_a0003-2980 _21 |
||
| 035 | _a(OCoLC)ocm01780045 | ||
| 037 | _b49104 | ||
| 040 |
_aMnMULS _cMnMULS _dMBTI _dNSDP _dDLC _dOCoLC _dAIP _dNSDP _dAIP _dOCoLC _dDLC _dTNJ _dOCoLC |
||
| 042 |
_ansdp _apcc |
||
| 050 | 0 | 0 |
_aBR1 _b.A53a |
| 110 | 2 |
_aAndrews University. _bSeventh-Day Adventist Theological Seminary. _936711 |
|
| 210 | 0 | _aAndrews Univ. Semin. stud. | |
| 222 | 0 | _aAndrews University Seminary studies | |
| 245 | 1 | 0 | _aAndrews University Seminary studies. |
| 260 |
_aBerrien Springs, Mich., _bAndrews University Press. _cspring 2002 |
||
| 300 |
_bill. _c23 cm. _av.: |
||
| 310 |
_a2 issues yearly, _b<spring 1995- > |
||
| 321 |
_aFrequency varies, _b1963- |
||
| 362 | 0 | _aspring 2002 | |
| 440 |
_aAndrews University Seminary Studies. _vVol. 40, No.1 _936712 |
||
| 500 | _a"Journal of the Seventh-Day Adventist Theological Seminary." | ||
| 500 | _aDoes the author of Revelation misappropriate the scriptures?; The sabbath in Mathew 24:20; Reading Paul in a New Paradigm; The day of dedication or the day of atonement?; Inauguration or day of atonement? a response Norman young; Joshua's reception of the laying on of Hands; Archeology; | ||
| 590 | _aAnnual, 1963-64; 2 no. a year, 1965-. "Journal of the Seventh-day Adventist Theological Seminary." | ||
| 650 | 0 |
_aTheology _vPeriodicals. _936713 |
|
| 650 | 0 |
_aTheological seminaries _xPeriodicals. _936714 |
|
| 700 |
_aJerry Moon _eEditor _936715 |
||
| 906 |
_a7 _bcbc _cserials _du _encip _f19 _gn-oclcserc |
||
| 936 | _aSpring 1995 (surrogate) LIC | ||
| 942 |
_2lcc _cPER _hBR1 _i.A53a 2002 |
||
| 999 |
_c10248 _d10248 |
||